[Event "10th Karen Asrian Memorial 2017"]
[Site "Jermuk"]
[Date "2017.06.29"]
[Round "9"]
[White "Zubov, Alexander"]
[Black "Zhigalko, Andrey"]
[Result "0-1"]
[WhiteElo "2612"]
[BlackElo "2563"]
[Annotator "TA"]
[PlyCount "54"]
[EventDate "2017.??.??"]
[EventType "swiss"]
[EventCountry "ARM"]
[SourceTitle "playchess.com"]
[Source "ChessBase"]
[SourceQuality "1"]

{[%evp 19,54,0,8,-8,-10,-9,-8,-25,0,0,0,-45,-12,-71,-36,-95,-79,-128,-118,-98,-82,-84,-110,-420,-231,-885,-878,-930,-937,-886,-852,-817,-747,-917,-907,-900,-894]} 1. d4 Nf6 2. c4 e6 3. Nf3 d5 4. e3 Bd6 5. b3 O-O 6. Bb2 b6 7. Bd3 Bb7 8. O-O Nbd7 9. Nc3 a6 10. Qe2 Ne4 11. Rfc1 $146 {E14: Queen's Indian: Classical Variation (4 e3)} ({Predecessor:} 11. Rfd1 Qe7 12. Rac1 f5 13. h3 Rf7 14. Bb1 Raf8 15. a4 Rf6 16. Ne5 Nxe5 17. dxe5 Bxe5 18. Nxe4 Bxb2 19. Nxf6+ Qxf6 {1-0 (69) Bacrot,E (2695)-Cornette,M (2586) chess.com INT 2017}) 11... f5 {[%cal Bf7f5,Bf5e4][%mdl 32]} 12. a4 Qf6 13. a5 {The position is equal.} (13. b4 $5) 13... dxc4 14. bxc4 Qh6 {And now ...Ng5 would win.} 15. h3 Rf6 $1 {[%cal Rf6g6] White must now prevent ...Rg6.} 16. Bxe4 (16. d5 $11 {keeps the balance.}) 16... fxe4 $17 17. Nh2 (17. Nd2 $15) 17... Rg6 $1 {Threatens to win with ...Qxh3.} 18. Kh1 Rf8 $1 {[%cal Rf8f3] Strongly threatening ...Rf3.} (18... Qg5 19. Rg1 $11) 19. Ba3 {[#]} c5 $1 {Hoping for ...Rf3.} ({Don't play} 19... bxa5 $6 20. Bxd6 cxd6 21. Rxa5 $14) ({Of course not} 19... Qg5 20. Rg1 $11) (19... Bxa3 $6 20. Rxa3 Qg5 21. Rg1 $11) 20. Rg1 Qh4 $40 {[%mdl 128] Black attacks with force.} 21. Raf1 $2 {[%mdl 8192] [#]} (21. Ra2 $17 {is more resistant.}) 21... Nf6 (21... Rf3 $142 $1 {[%mdl 512] aiming for ...Bxh2.} 22. Bxc5 (22. gxf3 exf3 23. Qb2 Rxg1+ 24. Rxg1 Qxh3 25. Rg3 Bxg3 26. fxg3 f2+ 27. e4 f1=Q#) 22... bxc5) 22. Nd1 $2 (22. dxc5 Bxh2 23. c6 Bxc6 24. Bxf8 Bxg1 25. Be7) 22... Bxh2 $19 {Black is clearly winning.} 23. Kxh2 Ng4+ $1 24. Qxg4 Rxg4 25. axb6 Rg5 26. Bxc5 {[#]} Rxc5 $1 27. dxc5 Qh5 {Precision: White = 34%, Black = 80%.} 0-1

[Event "10th Karen Asrian Memorial 2017"]
[Site "Jermuk"]
[Date "2017.06.29"]
[Round "9"]
[White "Ter-Sahakyan, Samvel"]
[Black "Kotanjian, Tigran"]
[Result "1/2-1/2"]
[WhiteElo "2598"]
[BlackElo "2486"]
[Annotator "TA"]
[PlyCount "74"]
[EventDate "2017.??.??"]
[EventType "swiss"]
[EventCountry "ARM"]
[SourceTitle "playchess.com"]
[Source "ChessBase"]
[SourceQuality "1"]

{[%evp 21,74,33,35,-3,0,0,0,0,0,0,0,-26,0,-27,-43,-70,-71,-66,-61,-86,-74,-112,-120,-109,-118,-122,-38,-143,-65,-74,-55,-82,0,0,0,0,0,0,0,0,0,0,0,0,0,0,0,0,0,0,0,0,0,0,0]} 1. e4 c5 2. Nf3 d6 3. d4 cxd4 4. Nxd4 Nf6 5. Nc3 a6 6. Bg5 e6 7. f4 Qb6 8. a3 Nc6 9. Nb3 Be7 {B97: Sicilian Najdorf: Poisoned Pawn} 10. Qd2 O-O 11. O-O-O Rd8 {LiveBook: 11 Games. White is slightly better.} 12. Bd3 Qc7 (12... h6 13. h4 Bd7 14. Qe2 Kf8 15. e5 dxe5 16. fxe5 hxg5 17. exf6 Bxf6 18. hxg5 Bxg5+ {1-0 (35) Nakamura,H (2786)-Nepomniachtchi,I (2751) Moscow 2017}) 13. g4 $146 {[%cal Bg2g4,Bg4g5][%mdl 32]} ({Predecessor:} 13. Rhe1 b5 14. Ne2 Rb8 15. Nbd4 Nxd4 16. Nxd4 h6 17. Bxf6 Bxf6 {0-1 (37) Georgescu,V-Pavlov,M Bucharest 1965}) 13... b5 14. Bxf6 Bxf6 15. g5 Be7 16. Kb1 Rb8 17. Ne2 a5 18. Ned4 Nxd4 19. Nxd4 Bd7 $1 20. f5 {[#]} e5 $1 {[%cal Re5d4]} 21. Nf3 b4 {Hoping for ...bxa3.} 22. a4 b3 23. Rc1 Qa7 ({Reject} 23... Bxa4 $6 24. cxb3 Bc6 25. f6 $11) (23... Qb6 $17 24. f6 bxc2+ 25. Rxc2 Bf8) 24. Bc4 ({Better is} 24. c3 $15) 24... bxc2+ (24... Bxa4 $17 25. cxb3 Bxb3) 25. Rxc2 $15 Bxa4 26. Rc3 $1 {[#]} d5 $1 {[%mdl 512]} 27. Bxd5 $11 {The position is equal.} Bb4 28. Qe3 $1 {[%cal Re3a7]} Bxc3 29. Qxa7 Rxb2+ 30. Kc1 Rc2+ 31. Kb1 Rb2+ 32. Kc1 Rc8 {( -> ...Bd4+)} 33. Qxf7+ Kh8 34. Bb7 {Ne1 is the strong threat.} Rc2+ 35. Kb1 Rb2+ 36. Kc1 {Strongly threatening Ne1.} Rc2+ 37. Kb1 Rb2+ {Precision: White = 56%, Black = 61%.} 1/2-1/2

[Event "10th Karen Asrian Memorial 2017"]
[Site "Jermuk"]
[Date "2017.06.29"]
[Round "9"]
[White "Arutinian, David"]
[Black "Smirnov, Pavel"]
[Result "1-0"]
[WhiteElo "2527"]
[BlackElo "2589"]
[Annotator "TA"]
[PlyCount "107"]
[EventDate "2017.??.??"]
[EventType "swiss"]
[EventCountry "ARM"]
[SourceTitle "playchess.com"]
[Source "ChessBase"]
[SourceQuality "1"]

{[%evp 18,107,0,-7,0,0,0,0,14,5,20,22,31,0,0,-19,0,0,0,-16,-6,-20,17,21,27,0,26,0,0,0,0,0,0,0,0,0,129,111,99,96,252,250,236,214,216,197,193,147,311,218,224,238,251,239,243,247,221,159,166,170,154,146,285,284,510,522,524,493,905,880,1088,1101,990,682,998,834,1430,1381,29955,29955,29949,29957,6207,5947,29969,29966,29971,29971,29970,29972,29972,29970]} 1. c4 e6 2. Nf3 Nf6 3. g3 d5 4. b3 Be7 5. Bg2 O-O 6. O-O c5 7. e3 Nc6 8. Bb2 d4 9. exd4 cxd4 10. Re1 Ng4 {A14: English Opening: 1...e6 with b3 by White} (10... Re8 11. d3 Bc5 12. Ba3 Nd7 13. Nfd2 Nb4 14. Ne4 a5 15. f4 Be7 16. Bb2 Nc6 17. a3 b6 18. Nd6 Bxd6 19. Bxc6 {½-½ (54) Robson,R (2668)-So,W (2822) Saint Louis 2017}) 11. d3 f6 12. a3 a5 {The position is equal.} 13. Bc1 $146 ({Predecessor:} 13. Nbd2 e5 14. Qc2 Be6 15. Re4 Bc5 16. Re2 Kh8 17. Rae1 Rc8 18. Ne4 {0-1 (40) Buchal,S (2255)-Buhmann,R (2601) Verden an der Aller 2014}) 13... Qe8 14. Ra2 Kh8 15. Rae2 (15. Nxd4 $5 Nxd4 16. Qxg4 $14) 15... Qh5 16. h3 Nh6 17. g4 Qf7 18. Nbd2 e5 19. Nf1 g5 20. Ng3 Be6 21. Re4 Rab8 22. Qe2 Bd6 23. c5 Bc7 $1 ({Much worse is} 23... Bxc5 24. Bxg5 $1 {[%mdl 512]} Nxg4 25. hxg4 $16) 24. b4 axb4 25. axb4 {b5 is the strong threat.} b5 26. Bd2 Rfd8 (26... Bd7 $11 {keeps the balance.}) 27. h4 Nxg4 28. hxg5 f5 $2 {[#]} (28... Rg8 $16) 29. g6 $1 $18 {[%cal Rg6f7][%mdl 512]} hxg6 (29... Qxg6 30. Nh4) 30. Ng5 Qd7 {[#]} 31. Rxg4 $1 {[%mdl 512]} fxg4 32. N3e4 Rf8 $2 (32... Bf5 $16) 33. Nxe6 Qxe6 34. Ng5 Qd7 35. Bxc6 $1 Qxc6 36. Qxg4 Kg7 37. Ne6+ Kf7 38. Nxf8 Rxf8 39. Ra1 Kg8 (39... Rh8 $16 40. f3 Bb8) 40. Ra7 Bb8 $2 (40... Bd8 {might work better.} 41. Qh3 Rf7 42. Rxf7 Kxf7 43. Qh7+ Ke6 44. Qg8+ Kd7 45. Qg7+ Ke6 46. Qxg6+ Bf6) 41. Qd7 Qxd7 42. Rxd7 {[%mdl 4096] Endgame KRB-KRB} Rf7 (42... e4 $142 43. dxe4 Be5) 43. Rd8+ Rf8 44. Rxf8+ Kxf8 {KB-KB} 45. Kg2 Kf7 46. Kf3 Ke6 47. Ke4 Bc7 48. Bg5 Bb8 49. Bd8 Kd7 50. Bb6 Ke6 51. f3 {[%cal Bf2f3,Bf3f4][%mdl 32] White mates.} g5 52. Bd8 Kd7 53. Bxg5 Ke6 54. f4 {Precision: White = 82%, Black = 34%.} 1-0

[Event "10th Karen Asrian Memorial 2017"]
[Site "Jermuk"]
[Date "2017.06.29"]
[Round "9"]
[White "Martirosyan, Haik M"]
[Black "Melkumyan, Hrant"]
[Result "1/2-1/2"]
[WhiteElo "2516"]
[BlackElo "2624"]
[Annotator "TA"]
[PlyCount "32"]
[EventDate "2017.??.??"]
[EventType "swiss"]
[EventCountry "ARM"]
[SourceTitle "playchess.com"]
[Source "ChessBase"]
[SourceQuality "1"]

{[%evp 25,30,16,24,22,20,10,10]} 1. e4 e5 2. Nf3 Nc6 3. Bb5 Nf6 4. O-O Nxe4 5. Re1 Nd6 6. Nxe5 Be7 7. Bf1 Nxe5 8. Rxe5 O-O 9. Nc3 {[%cal Bb1c3,Bc3d5,Bd5e3,Be3f5,Bf5e7][%mdl 32] C67: Ruy Lopez: Berlin Defence: 4 0-0 Nxe4} Ne8 10. Nd5 Bd6 11. Re1 c6 12. Ne3 Bc7 13. Nf5 d5 {LiveBook: 76 Games} 14. Ne7+ Kh8 {[#] And now ...Be6 would win.} 15. Nxc8 Rxc8 {[#]} {Predecessor:} 16. d4 $146 Nf6 {½-½ (29) Kuzubov,Y (2637)-Naiditsch,A (2700) Minsk 2017} 1/2-1/2

[Event "10th Karen Asrian Memorial 2017"]
[Site "Jermuk"]
[Date "2017.06.29"]
[Round "9"]
[White "Yeoh, Li Tian"]
[Black "Bortnyk, Olexandr"]
[Result "1/2-1/2"]
[WhiteElo "2471"]
[BlackElo "2580"]
[Annotator "TA"]
[PlyCount "74"]
[EventDate "2017.??.??"]
[EventType "swiss"]
[EventCountry "ARM"]
[SourceTitle "playchess.com"]
[Source "ChessBase"]
[SourceQuality "1"]

{[%evp 22,74,-16,-20,-18,-15,0,0,0,0,47,26,59,40,62,65,166,35,38,37,34,32,30,34,31,43,32,0,21,18,21,20,18,0,0,0,104,85,91,94,100,96,81,8,8,6,45,45,44,31,33,31,45,45,50]} 1. e4 e6 2. d4 d5 3. Nd2 Be7 4. Ngf3 Nf6 5. Bd3 c5 6. c3 cxd4 7. cxd4 dxe4 8. Nxe4 Nc6 9. O-O O-O 10. Nc3 b6 11. a3 Bb7 12. Re1 Rc8 {D40: Queen's Gambit Declined: Semi-Tarrasch with 5 e3} 13. Be3 (13. Bc2 Rc7 14. Be3 Rd7 15. Qe2 Qa8 16. Rad1 Rfd8 17. Ba4 Nd5 18. Nxd5 Rxd5 19. Bb3 R5d6 20. Bc2 {½-½ (43) Shubin,K (2399)-Usmanov,V (2423) St Petersburg 2016}) 13... Qc7 $146 ({Predecessor:} 13... Nd5 14. Rc1 Nxc3 15. bxc3 g6 16. a4 Qd6 17. h4 Rfd8 18. h5 Bf6 19. Ng5 Ne7 20. Qg4 {0-1 (65) Jocev,M (2082)-Skare,G (2322) Belgrade 2011}) 14. Qe2 Rfd8 {The position is equal.} 15. Rad1 g6 16. h3 Qb8 17. Bb1 Rd7 18. Ba2 Rcd8 {[#]} ({Better is} 18... Qc7 $14) 19. Bg5 (19. Ng5 $1 $18) 19... Nxd4 $14 20. Nxd4 Rxd4 {[#]} 21. Bxe6 $1 {[%mdl 512]} Ng4 $1 {[#]} (21... fxe6 22. Qxe6+) 22. Bxf7+ $1 {[%mdl 512]} Kg7 {( -> ...Qh2+)} (22... Kxf7 23. Qxe7+) 23. hxg4 Bxg5 24. Ba2 Rd2 25. Qc4 Kh6 {...Rxf2! is the strong threat.} 26. Rxd2 Rxd2 27. Rd1 {aiming for Rxd2.} Qd6 (27... Rxb2 28. Rd3) 28. Bb3 Qe7 (28... Qc6 $11 {remains equal.} 29. Qxc6 Bxc6) 29. Rxd2 $16 Qe1+ 30. Kh2 {Hoping for Rd7.} Qxd2 31. Ne2 {Strongly threatening f4.} ({But not} 31. Qf7 $6 Qf4+ 32. Qxf4 Bxf4+ 33. Kh3 Kg7 $11) 31... Bd5 {[#]} ({Not} 31... Qxb2 $2 32. f4 $18) 32. Qxd5 (32. Qc8 $1 $16 {[%cal Rc8f8]} Be7 33. Bxd5 Qxd5 34. f4) 32... Qxe2 $11 33. Qf7 {[%cal Rf7f8]} Qe7 34. Qxe7 {White is slightly better.} Bxe7 35. Bd5 Bf6 36. b3 Bb2 37. a4 a5 {Precision: White = 61%, Black = 34%.} 1/2-1/2

[Event "10th Karen Asrian Memorial 2017"]
[Site "Jermuk"]
[Date "2017.06.29"]
[Round "9"]
[White "Mikaelyan, Arman"]
[Black "Postny, Evgeny"]
[Result "1-0"]
[WhiteElo "2444"]
[BlackElo "2581"]
[Annotator "TA"]
[PlyCount "169"]
[EventDate "2017.??.??"]
[EventType "swiss"]
[EventCountry "ARM"]
[SourceTitle "playchess.com"]
[Source "ChessBase"]
[SourceQuality "1"]

{[%evp 9,169,3,29,24,25,18,24,30,34,0,-9,-56,0,-2,-12,-30,-15,-28,-21,-25,-29,-28,0,0,0,-14,-16,-10,0,-8,-7,-10,0,-22,-12,-46,-38,-77,-63,-74,-46,-40,-33,-47,-40,-47,-43,-48,-40,-59,-47,-58,0,0,0,0,0,0,0,0,0,0,22,0,0,0,0,0,41,0,83,81,83,67,63,86,77,76,76,74,75,51,37,29,40,54,130,130,132,142,127,128,121,119,185,177,170,53,79,98,120,104,142,129,135,108,150,146,137,138,181,180,172,168,179,177,170,125,135,129,135,125,185,187,217,202,464,557,700,683,782,717,1152,1004,1439,1410,1193,1283,2042,1838,2735,1872,29980,29980,29979,29980,29982,29983,29984,29985,29986,29987,29988,29983,29983,29984,29983,29984,29984,29985,29985,29986]} 1. Nf3 d5 2. g3 Nd7 3. Bg2 (3. d4 Ngf6 4. Bg2 b5 5. O-O Bb7 6. c3 e6 7. a4 b4 8. a5 Rb8 9. Bf4 Ba6 10. Qc2 Be7 11. cxb4 Rxb4 12. Nc3 O-O 13. Na2 Rb7 14. Rfc1 {½-½ (14) Banusz,T (2616)-Nabaty,T (2640) Zalakaros 2017}) 3... e5 4. d3 Bd6 5. O-O Ne7 6. e4 {A07: Réti Opening: New York and Capablanca Systems} c6 7. exd5 cxd5 $146 ({Predecessor:} 7... Nxd5 8. d4 O-O 9. c4 N5f6 10. Nc3 exd4 11. Qxd4 {1-0 (38) Anastasopoulos,T-Loverdos,S Athens 1952}) 8. c4 {White has an edge.} d4 9. Re1 O-O 10. c5 Bc7 (10... Nxc5 $15 11. Nxe5 Bxe5 12. Rxe5 Qc7) 11. Qc2 Nc6 12. a3 a5 {next ...Qe7 is good for Black.} 13. Nbd2 h6 14. Ne4 Nf6 15. Nfd2 Nxe4 16. Nxe4 Be6 17. f4 f5 {[#]} 18. Nd6 $1 {[%mdl 512]} Bxd6 19. cxd6 Qxd6 20. fxe5 Qd7 21. h4 Bd5 22. Bf4 (22. e6 $5 Bxe6 23. Qc5 $11) 22... Rfe8 23. h5 Bxg2 24. Qxg2 Nd8 25. Rac1 Ne6 26. Rc2 Rac8 27. Rec1 Rxc2 28. Qxc2 Kh8 29. Kf2 Ra8 (29... a4 {feels hotter.} 30. Qd1 Ra8 31. Qf3 Ra5 32. Rc4 Rd5) 30. Qd1 Rc8 (30... a4 $15) 31. Rxc8+ $11 Qxc8 32. Bd2 Qc6 33. Qf3 {And now Qxc6 would win.} Qc2 34. Ke2 Nc5 35. e6 Nxe6 (35... Nb3 $5 {[%cal Rb3d2]} 36. e7 Qxd2+ 37. Kf1 Qc1+ 38. Kg2 Qe1 $11) 36. Qd5 Qc8 37. Qxf5 a4 38. Qe5 Kg8 39. Qb5 Kh7 (39... Nc5 $11) 40. Qxa4 $16 Qc5 41. Qe8 Qf5 $1 42. b4 Qg4+ 43. Kf2 Qf5+ 44. Ke1 $1 Qg4 {[#]} 45. Bf4 $1 {[%mdl 512]} Qh3 $1 (45... Nxf4 46. Qe4+) 46. Qg6+ Kh8 $1 47. Qe4 Nxf4 (47... b5 $14) 48. Qxf4 $14 {[%mdl 4096] Endgame KQ-KQ} Qh1+ 49. Kf2 Qh2+ 50. Kf3 $1 Qxh5+ 51. Ke4 Qe2+ (51... Qe8+ $16 {was worth a try.} 52. Kxd4 Qa8) 52. Kxd4 $18 Qb2+ 53. Ke4 (53. Kc5 $1 $18) 53... Qe2+ 54. Qe3 Qc2 55. Kf5 $1 Qc6 56. Qe4 $1 {[%cal Re4c6] aiming for Qxc6.} Qf6+ 57. Kg4 Qg5+ 58. Kf3 Qf6+ 59. Ke3 Qg5+ 60. Qf4 $1 {[%cal Rf4g5]} Qe7+ 61. Kd2 $1 Qd7 62. Qe5 b5 63. Ke3 Qa7+ 64. Ke4 Qb7+ 65. Kd4 {Hoping for Qe8+.} Qa7+ (65... Qd7+ $16 66. Qd5 Qa7+ 67. Ke4 Qe7+ 68. Kf3 Qf6+ 69. Ke3 Qa6) 66. Kd5 Qd7+ {[#]} 67. Qd6 $1 {[%cal Rd6d7]} Qf5+ $2 {[#]} (67... Qc8 {was called for.} 68. Qg6 Qc3 69. Qe8+ Kh7) 68. Kc6 $1 h5 69. d4 Qd3 70. Qe5 Qxa3 71. Kxb5 Qd3+ 72. Kb6 Qg6+ 73. Ka5 Qg4 74. b5 {[%cal Bb4b5,Bb5b6][%mdl 32]} h4 75. gxh4 Qxh4 76. b6 {White mates.} Qd8 77. d5 {[%cal Bd4d5,Bd5d6][%mdl 32]} Qa8+ 78. Kb5 Qa2 79. d6 Qb3+ 80. Kc6 Qc4+ 81. Kb7 Qf7+ 82. Qe7 Qd5+ 83. Kb8 Qg8+ 84. Kc7 Qc4+ 85. Kd8 {Precision: White = 70%, Black = 50%.} 1-0

[Event "10th Karen Asrian Memorial 2017"]
[Site "Jermuk"]
[Date "2017.06.29"]
[Round "9"]
[White "Mkrtchian, Lilit"]
[Black "Andriasian, Zaven"]
[Result "1/2-1/2"]
[WhiteElo "2412"]
[BlackElo "2622"]
[Annotator "TA"]
[PlyCount "98"]
[EventDate "2017.??.??"]
[EventType "swiss"]
[EventCountry "ARM"]
[SourceTitle "playchess.com"]
[Source "ChessBase"]
[SourceQuality "1"]

{[%evp 9,98,29,22,25,40,18,19,20,59,52,64,32,50,57,75,67,85,78,79,85,85,87,93,50,51,12,64,17,36,0,6,8,33,10,22,18,25,19,18,0,6,0,0,0,0,0,39,12,14,0,39,0,0,-56,0,-27,0,0,0,0,0,0,0,0,0,0,0,-5,0,0,0,-79,0,0,0,0,0,0,0,0,0,0,0,0,0,0,0,0,0,0,0]} 1. c4 e5 2. Nc3 Nc6 3. g3 Bb4 4. Bg2 f5 (4... Nf6 5. Nf3 Bxc3 6. dxc3 d6 7. O-O O-O 8. b3 h6 9. e4 Nxe4 10. Nxe5 Nxe5 11. Bxe4 Re8 12. Bg2 Bg4 13. f3 Bd7 14. f4 Nc6 15. Ba3 Qf6 16. Qd2 Rad8 {½-½ (42) Mamedov,R (2650)-Andriasian,Z (2594) Minsk 2015}) 5. Nd5 Nf6 6. a3 {A25: English Opening vs King's Indian with ...Nc6 but without early d3} Be7 7. d3 d6 $146 ({Predecessor:} 7... a5 8. e3 O-O 9. Ne2 d6 10. Bd2 e4 11. Nxe7+ Qxe7 12. d4 {1-0 (30) Negro,R (2169)-Ottavi,M (1991) Bratto 2015}) 8. e3 Be6 9. Ne2 Qd7 10. b3 h5 11. h4 Ng4 12. Bb2 Nd8 13. Qd2 c6 14. Nxe7 Qxe7 15. d4 Nf7 16. f3 Nf6 17. Nc3 c5 (17... O-O-O $11) 18. d5 Bd7 19. Bf1 g5 20. O-O-O a6 21. Qc2 Rg8 22. Bd3 Nh6 23. Rdg1 O-O-O 24. Kb1 gxh4 25. gxh4 e4 26. fxe4 Rxg1+ 27. Rxg1 {[%cal Re4f5]} Nhg4 28. exf5 {Threatens to win with Bc1.} (28. e5 $5 Nxe5 29. Bxf5 $11) 28... Qxe3 29. Rf1 Qg3 30. Qd2 Re8 31. Ne2 ({White should play} 31. Ka2 $11) 31... Qxh4 (31... Qg2 $1 $15 32. Re1 Qf2) 32. Qf4 Qh3 33. Rf3 $1 {[%cal Rf3h3]} Qh1+ 34. Rf1 Qg2 35. Rg1 Qf2 36. Rf1 Qe3 37. Qxe3 Rxe3 38. Nf4 h4 {...h3 is the strong threat.} 39. Bxf6 Nxf6 40. Rh1 {[#]} (40. Kc2 $11) 40... Nh5 ({Better is} 40... Rxd3 $1 $17 {[%mdl 512]} 41. Nxd3 Bxf5 42. Rxh4 (42. Kc2 Ng4 $17) 42... Bxd3+ 43. Kb2 Nd7 44. Rh8+ Kc7) 41. f6 $11 {The position is equal.} Nxf6 {Hoping for ...h3.} ({Not} 41... Nxf4 $2 42. f7 $18) 42. Rxh4 Ng4 (42... Rf3 $5 {[%cal Rd7g4]} 43. Kc2 Rf2+ 44. Kc1 Kc7 $11) 43. Rh8+ Kc7 44. Rh7 {Black must now prevent Ne6+.} Ne5 45. Bc2 Rg3 46. Kb2 Kc8 47. Rh8+ Kc7 48. Rh7 Rg4 49. Nd3 Nxd3+ {Precision: White = 54%, Black = 49%.} 1/2-1/2